| Tag |
First Indicator |
Second Indicator |
Subfields |
| LEADER |
00000cam a22000008a 4500 |
| 001 |
in00000078327 |
| 005 |
20151008060727.0 |
| 008 |
811014s1982 ilua b 10100 eng |
| 010 |
|
|
|a 81015938
|
| 020 |
|
|
|a 0226267857
|
| 035 |
|
|
|a (OCoLC)07924729
|
| 035 |
|
|
|9 AAJ6437AM
|
| 039 |
0 |
|
|a 2
|b 3
|c 3
|d 3
|e 3
|
| 040 |
|
|
|a DLC
|c DLC
|d TXA
|d UtOrBLW
|
| 049 |
|
|
|a TXAM
|c [1442900]
|
| 050 |
0 |
0 |
|a RA410.A2
|b E23
|
| 060 |
|
0 |
|a WA 30 E188 1980
|
| 082 |
0 |
|
|a 362.1/042
|2 19
|
| 245 |
0 |
0 |
|a Economic aspects of health /
|c edited by Victor R. Fuchs.
|
| 263 |
|
|
|a 8205
|
| 264 |
|
1 |
|a Chicago :
|b University of Chicago Press,
|c 1982.
|
| 300 |
|
|
|a ix, 333 pages :
|b illustrations ;
|c 24 cm.
|
| 336 |
|
|
|a text
|b txt
|2 rdacontent
|
| 337 |
|
|
|a unmediated
|b n
|2 rdamedia
|
| 338 |
|
|
|a volume
|b nc
|2 rdacarrier
|
| 490 |
1 |
|
|a National Bureau of Economic Research conference report
|
| 500 |
|
|
|a "Papers ... presented at the second NBER Conference on Health Economics held at Stanford, California on 30-31 July, 1980"--page 1.
|
| 504 |
|
|
|a Includes bibliographies and indexes.
|
| 650 |
|
0 |
|a Medical economics
|v Congresses.
|
| 650 |
|
0 |
|a Health status indicators
|x Congresses.
|
| 650 |
|
2 |
|a Economics, Medical
|x Congresses.
|
| 650 |
|
2 |
|a Health
|x Congresses.
|
| 650 |
|
0 |
|a Social status
|x Congresses.
|
| 700 |
1 |
|
|a Fuchs, Victor R.
|
| 711 |
2 |
|
|a NBER Conference on Health
|n (2nd :
|d 1980 :
|c Stanford, Calif.)
|
| 830 |
|
0 |
|a Conference report (National Bureau of Economic Research)
|
| 999 |
|
|
|a MARS
|
| 999 |
f |
f |
|s b5aa8c52-7a82-3b17-9d34-99080b5b6953
|i fba6d90a-cae5-3a37-bc79-89b33d418975
|t 0
|
| 952 |
f |
f |
|p ric
|a Texas A&M University
|b Rellis Campus
|c Joint Library Facility
|d Remote Storage
|t 0
|e RA410.A2 E23
|h Library of Congress classification
|i unmediated -- volume
|m A14806227403
|
| 998 |
f |
f |
|a RA410.A2 E23
|t 0
|l Remote Storage
|